Ekonomická věda a ekonomická reforma : (Statě a eseje /

Uložené v:
Podrobná bibliografia
Hlavný autor: Klaus, Václav (Autor)
Médium: Kniha
Jazyk:Czech
Vydavateľské údaje: Praha : Gennex and Top Agency, 1991
Tagy: Pridať tag
Žiadne tagy, Buďte prvý, kto otaguje tento záznam!

MARC

LEADER 00000nam a22000003a 4500
001 stu1035
005 20150617225618.0
008 920114s1991----cs------------------cze-d
040 |a STU  |b slo 
041 0 |a cze 
044 |a cs 
080 |a 330.1  |7 stu_us_auth*stu8076 
080 |a 338.246 
100 1 |a Klaus, Václav  |4 aut 
245 1 |a Ekonomická věda a ekonomická reforma :  |b (Statě a eseje /  |c [aut.] Klaus,Václav 
260 |a Praha :  |b Gennex and Top Agency,  |c 1991 
300 |a 230 s 
996 |b E75245  |c R*75245  |l RRUM  |s A  |a 24  |w stu1035_0001 
996 |b 284EK08726  |c E*75254  |l EE01  |s A  |a 24  |w stu1035_0003